| 000 | 00836nam a2200277Ia 4500 | ||
|---|---|---|---|
| 003 | OSt | ||
| 005 | 20221006153603.0 | ||
| 006 | a|||||r|||| 00| 0 | ||
| 007 | ta | ||
| 008 | 221006b |||||||| |||| 00| 0 eng d | ||
| 020 |
_a9781565912267 _cW19,800 (each) |
||
| 024 | _a32,782 | ||
| 037 |
_bGift, 21/11/2007, Korean Embassy (Window on Korea) _cTextual |
||
| 040 |
_aEASL _cEASL _beng |
||
| 041 |
_2eng _aeng |
||
| 082 | _aNA495,C, P7 | ||
| 100 |
_aKim Sung-Woo _9664539 |
||
| 245 | 0 | _aBuddhist architecture of Korea | |
| 260 |
_aSeoul _bHollym Korea _c2007 |
||
| 300 |
_a152p. _ccm. |
||
| 490 | _v KEL | ||
| 650 | _aKEL | ||
| 700 | _a Cho Yoon-Jung Tr. | ||
| 942 |
_hNA495,C, P7 _cTEXL _2CC |
||
| 999 |
_c1100868 _d1100868 |
||